Les 10 villes les plus peuplées de l'Yonne (89) - Statistiques

Statistiques générales
  • Ce quiz a été pris 41 fois
  • Le résultat moyen est 5 sur 10
Statistiques - réponses
Population Communes % Correct
35 200 Auxerre
100%
27 300 Sens
92%
6 300 Avallon
72%
9 100 Joigny
67%
4 300 Tonnerre
67%
6 900 Migennes
56%
4 200 Saint-Florentin
31%
4 900 Paron
22%
5 100 Villeneuve-sur-Yonne
17%
4 900 Charny Orée de Puisaye
11%
Aucun quiz correspondant
Distribution des résultats
% des personnes avec chaque résultat
Percentile par nombre de réponses
Votre historique - résultats
Vous n’avez pas pris ce quiz